|
|
|
|
| LEADER |
00000nab#a22000007a#4500 |
| 001 |
arbauad006226 |
| 003 |
AR-BaUAD |
| 005 |
20250711110746.0 |
| 008 |
941027|||||||||###||||||b###|0###a|spa|| |
| 040 |
|
|
|a AR-BaUAD
|c AR-BaUAD
|b spa
|
| 100 |
|
|
|a Dias Comas, Carlos Eduardo
|
| 245 |
|
|
|a Una cierta arquitectura moderna brasileña :
|b experiencia por re-conocer /
|c Carlos Eduardo Dias Comas;
|
| 300 |
0 |
|
|b fot.
|
| 653 |
|
|
|a ARQUITECTURA
|
| 653 |
|
|
|a ARQUITECTOS
|
| 653 |
|
|
|a SIGLO XX
|
| 653 |
|
|
|a DECADA DE 1930
|
| 653 |
|
|
|a HISTORIA
|
| 653 |
|
|
|a ANALISIS
|
| 653 |
|
|
|a INFLUENCIAS
|
| 653 |
|
|
|a LE CORBUSIER
|
| 653 |
|
|
|a CRITICA DE LA ARQUITECTURA
|
| 653 |
|
|
|a NIEMEYER, OSCAR
|
| 653 |
|
|
|a COSTA, LUCIO
|
| 653 |
|
|
|a ARQUITECTURA MODERNA
|
| 653 |
|
|
|a BRASIL
|
| 773 |
0 |
|
|t SUMMA
|g no. 243 [nov. 1987], p. 36-39
|
| 942 |
|
|
|c ARTI
|
| 952 |
|
|
|0 0
|1 0
|4 0
|7 0
|9 51146
|a AR-BAuAD
|b AR-BAuAD
|d 2025-07-11
|l 0
|p AAQA006226
|r 2025-07-11 11:07:46
|w 2025-07-11
|y ARTI
|
| 990 |
|
|
|a AQ198
|b TD
|
| 998 |
|
|
|a AAQ
|b BIBUN76
|
| 999 |
|
|
|c 30819
|d 30819
|